000 00628nam a2200217Ia 4500
005 20250326143907.0
008 250326s9999 xx 000 0 und d
020 _a0-19-568331-5
037 _aTextbook
040 _aFMSL
_beng
_cFMSL
041 _aeng
_2eng
084 _aX:5.1 P7
_qFMSL
100 _aHarriss-white B
_9748684
245 0 _aTrade liberalization and India's informal economy
_cHarriss-white B; Singha Anushree
260 _aNew Delhi
_bNew Delhi, Oxford
_c2007
300 _axi,392
365 _b695
650 _aBehavioral Economics
942 _cTB
_hX:5.1 P7
999 _c1301517
_d1301517